Normal view
MARC view
- INCLUDING DATA ON GRAY DUCTILES WHITE AND HIGH ALLOY IRONS
Entry Topical Term
001 - CONTROL NUMBER
- control field: 74008
003 - CONTROL NUMBER IDENTIFIER
- control field: NUST
005 - DATE AND TIME OF LATEST TRANSACTION
- control field: 20210628205121.0
008 - FIXED-LENGTH DATA ELEMENTS
- fixed length control field: 210628|| aca||aabn | a|a d
040 ## - CATALOGING SOURCE
- Original cataloging agency: NUST
- Transcribing agency: NUST
150 ## - HEADING--TOPICAL TERM
- Topical term or geographic name entry element: INCLUDING DATA ON GRAY DUCTILES WHITE AND HIGH ALLOY IRONS
670 ## - SOURCE DATA FOUND
- Source citation: Work cat.: (NUST): Walton, Charles F 74007, Gray and ductile iron casting handbook, 1971
